Statistiques concernant paroles - chanson de Delphine à Lancien

Cliquez ici pour prendre le quiz!

Statistiques générales

  • Ce quiz a été pris 32 fois
  • Le résultat moyen est 233 sur 344

Statistiques - réponses

awnsers% Correct
de
100%
la
94%
Le
89%
le
89%
à
83%
a
83%
A
83%
pour
83%
Pour
83%
toi
83%
Toi
83%
tu
83%
Tu
83%
aimer
78%
au
78%
ce
78%
dis,
78%
Dis,
78%
dis.
78%
dis
78%
dit
78%
en
78%
Et
78%
et
78%
je
78%
Je
78%
les
78%
ma
78%
me
78%
moi,
78%
moi
78%
ne
78%
78%
ou
78%
pas
78%
plu.
78%
plus
78%
plus,
78%
que
78%
Que
78%
Qui
78%
qui
78%
suis
78%
te
78%
un
78%
une
78%
C'est
72%
c'est
72%
ils
72%
Jamais
72%
Jamais !
72%
jamais !
72%
jamais
72%
Mais
72%
mes
72%
mon
72%
non.
72%
Non,
72%
non
72%
oui
72%
Pourquoi
72%
pourquoi
72%
quand
72%
Quand
72%
qu'une
72%
rien
72%
Rien,
72%
rien.
72%
sais,
72%
sais
72%
sait
72%
si
72%
Si
72%
sont
72%
ta
72%
t'a
72%
Alors
67%
Alors,
67%
alors
67%
aux
67%
bien
67%
bien ?
67%
bon
67%
demande
67%
encore
67%
fil
67%
jour.
67%
m'aimes ?
67%
quoi
67%
veux,
67%
vivre
67%
ami
61%
chaque
61%
connaître
61%
danser,
61%
est
61%
fini.
61%
Fini !
61%
l'amour
61%
l'amour,
61%
l'argent" ?
61%
l'argent
61%
nuit
61%
parle
61%
puis
61%
sois
61%
suis-je
61%
temps
61%
toi-même
61%
ton
61%
Ton
61%
tout
61%
autant
56%
chanter,
56%
coeur,
56%
côté.
56%
disons
56%
d'un
56%
dure
56%
facile ?
56%
faits ?
56%
fête !
56%
fille
56%
franchise
56%
gaie
56%
incohérents,
56%
indifférent.
56%
j'aime
56%
laisse
56%
m'aimais
56%
mettons-le
56%
moindre
56%
m'oublieras !
56%
Pardonne
56%
passer
56%
plats
56%
poses
56%
poupée
56%
propos
56%
question
56%
rêvasser.
56%
rêves
56%
rire.
56%
Rire,
56%
rire,
56%
sais-tu
56%
sauras
56%
sincérité.
56%
tant
56%
tes
56%
triste
56%
vraiment !
56%
vraiment
56%
argent
50%
battements
50%
cils,
50%
Cils,
50%
cils.
50%
contredire ?
50%
d'amour.
50%
faite.
50%
gentiment,
50%
mens
50%
moques
50%
parlant
50%
parles
50%
pourtant
50%
prix
50%
seigneur
50%
serais
50%
stupéfait.
50%
t'ai
50%
trouveras
50%
trouves
50%
velours,
50%
voix
50%
agonies
44%
amant
44%
amours
44%
connaissais
44%
Disant
44%
"excuse-moi
44%
lentes
44%
liaison,
44%
Ments,
44%
ments,
44%
ments.
44%
redis ?
44%
répéter
44%
sentiments,
44%
sourire
44%
vison.
44%
assez
39%
compliquer
39%
devenir
39%
Evitons
39%
liberté,
39%
lorsque
39%
m'as
39%
n'espère
39%
prendra
39%
Reprends
39%
soupirerais-tu
39%
vue,
39%
s'allumera
33%
d'une
28%
S'il
28%
plaît
22%
oeil
17%

Distribution des résultats

Percentile par nombre de réponses

% des personnes avec chaque résultat

Votre développement - résultats

Vous n’avez pas pris ce quiz